Guess The Brand! #7 - Statistics

General Stats
  • This quiz has been taken 83 times
    79 since last reset
  • The average score is 32 of 60
Answer Stats
Picture Answer % Correct
Batman
90%
Absolut
88%
NFL
88%
Spiderman
87%
Superman
87%
XBOX
87%
Dominos
85%
Nasa
85%
Shrek
85%
Subway
85%
Mountain Dew
77%
Target
77%
Air Jordan
75%
Airbnb
73%
Elmo
72%
Lipton
72%
Chipotle
68%
Duff
68%
Mattel
67%
Sesame Street
65%
Land Rover
63%
Omega
63%
Prada
63%
Chips Ahoy
60%
Virgin
60%
Harvard
58%
Heinz
55%
Yves Saint Laurent
55%
Unilever
53%
Carrefour
52%
SBI
52%
Bacardi
50%
Emirates
50%
Skechers
48%
Stanford
47%
British Airways
45%
Lululemon
45%
Diesel
43%
Haagen Dazs
43%
Staples
43%
Timberland
43%
Maybach
35%
Japan Airlines
33%
Thai Airways
32%
Bosch
30%
Faber Castell
28%
South African Airways
28%
Fujifilm
27%
Air New Zealand
25%
Cathay Pacific
25%
Kawasaki
25%
Mothercare
25%
Arena
23%
DC Shoes
23%
Joma
22%
Malaysian Airlines
22%
Rossignol
22%
Mahindra
20%
Dainese
18%
Landwind
18%
No matching quizzes found
Score Distribution
Percent of People with Each Score
Percentile by Number Answered
Your Score History
You have not taken this quiz since the last reset